Enseñando y aprendiendo los objetivos fundamentales transversales en la sala de clases
Furkejuvvon:
| Váldodahkkit: | , , |
|---|---|
| Materiálatiipa: | Girji |
| Giella: | espánnjágiella |
| Almmustuhtton: |
Santiago
Ministerio de Educación
2003
|
| Preanttus: | 1a. ed |
| Fáttát: | |
| Fáddágilkorat: |
Lasit fáddágilkoriid
Eai fáddágilkorat, Lasit vuosttaš fáddágilkora!
|
MARC
| LEADER | 00000nam a2200000 a 4500 | ||
|---|---|---|---|
| 001 | UCH0123 | ||
| 003 | CL-VaPUC | ||
| 008 | 090108e20030000CL |||||||||||||||||spa|d | ||
| 020 | |a 9562919110 | ||
| 082 | 0 | 4 | |a 372.011 |b GUT |2 21 |
| 100 | |a Gutiérrez Muñoz, Fernando |e author |9 534224 | ||
| 700 | 0 | |a Río Vergara, Blanca del |e author |9 534225 | |
| 700 | 0 | |a Gallizia Fernández, Graciela |e author |9 534226 | |
| 245 | 1 | 0 | |a Enseñando y aprendiendo los objetivos fundamentales transversales en la sala de clases |
| 250 | |a 1a. ed | ||
| 300 | |a 193 p | ||
| 942 | |c BK | ||
| 945 | |d 20090108 00:00:00 |a jtorresc | ||
| 260 | |a Santiago |b Ministerio de Educación |c 2003 | ||
| 650 | 0 | |a Educación básica |9 224933 | |
| 650 | 0 | |a Currículo |9 307290 | |
| 650 | 0 | |a Planificación de la educación |9 307333 | |
| 650 | 0 | |a Valores educacionales |9 411111 | |
| 650 | 0 | |a Reforma educacional |9 256319 | |
| 650 | 0 | |a Objetivos educativos |9 306344 | |
| 583 | |a last modification |c 20130422 10:59:16 |k Rodrigo Vera | ||
| 999 | |c 332500 |d 332498 | ||
| 952 | |0 0 |1 0 |4 0 |6 372_011000000000000_GUT_2003 |7 0 |8 A |9 420277 |a BIBEDU |b BIBEDU |d 2019-11-22 |i 4511174 |l 2 |o 372.011 GUT 2003 |p 4511174 |r 2022-08-26 |s 2022-08-26 |w 2019-11-22 |y BK |k EBA | ||